Rečová komunikácia

Bibliographic Details
Main Author: Škvareninová, Oľga, 1964- (Author)
Other Authors: Polakovič, Dušan, 1950-2016 (Illustrator)
Format: Book
Language:Slovak
PhysicalDescription:278 s. ilustr., tab. 20 cm
Published: Bratislava Slovenské pedagogické nakladateľstvo 2004
ISBN:8010002909
Edition:2. preprac. vyd.
Subjects:

MARC

LEADER 00000nam a2200000 a 4500
001 vtls001480249
003 SK-MaSNL
005 20260301122157.0
008 240318s2004 xo a 0 000 slo
015 |a SNBA2005/09-03366 
020 |a 8010002909  |c 265.00 Sk  |z 8008002909 
035 |a SNK000435547 
040 |a SNK  |b slo  |c SNK  |e AACR2 
072 7 |a 316.4/.7  |x Sociálne interakcie  |2 konspekt 
080 |a 316.772.2  |x (048.8)  |x (035)  |2 snkbum 
080 |a (048.8)  |2 1981 
080 |a 316.772.2  |2 1981 
100 1 |a Škvareninová, Oľga,  |d 1964-  |4 aut  |9 201900 
245 1 0 |a Rečová komunikácia  |c Oľga Škvareninová ; [ilustroval Dušan Polakovič] 
250 |a 2. preprac. vyd. 
260 |a Bratislava  |b Slovenské pedagogické nakladateľstvo  |c 2004 
300 |a 278 s.  |b ilustr., tab.  |c 20 cm 
504 |a Bibliogr. s. 269-278 
650 0 7 |a verbálna komunikácia  |2 SNKPH  |9 1561 
655 7 |a príručky  |2 SNKPH  |9 74364 
655 7 |a monografie  |2 SNKPH  |9 70139 
700 1 |a Polakovič, Dušan,  |d 1950-2016  |4 ill  |9 113860 
919 |a 80-10-00290-9 
958 |a NB 
968 |d 30/31 
999 |c 732011  |d 733941 
952 |t P60, <03>, [BOOK], {603}, -B-  |a SNK  |b SNK  |y PREZ  |7 0  |p 17A0439828  |o snkSD 74116  |i snkKSP 11044/2004  |0 0  |1 0  |4 0  |d 2004-08-19  |l 0  |r 2025-11-21 00:00:00  |w 2026-02-23 
952 |a SNK  |b SNK  |y VYP  |7 0  |p 17A0439824  |o snkSD 74116 D1  |i snkKSP 11045/2004  |0 0  |1 0  |4 0  |d 2004-08-19  |l 0  |r 2005-01-02 00:00:00  |w 2026-02-23 
952 |t snkSKV 316.772  |a SNKUST  |b SNKUST  |y PREZ  |7 0  |p 17A0460394  |o snkSD 74116 D2  |i snk2005/3744  |8 3  |g 8.80  |0 0  |1 0  |4 0  |d 2005-03-10  |l 0  |r 2025-04-29 00:00:00  |w 2026-02-23